Joueurs de football en B - Statistiques

Statistiques générales
  • Ce quiz a été pris 278 fois
  • Le résultat moyen est 12 sur 14
Statistiques - réponses
Par images Réponse % Correct
Bale
99%
Benzema
98%
Barcola
97%
Beckham
96%
Bellingham
96%
Buffon
96%
Balotelli
95%
Busquets
93%
Bonucci
87%
Blanc
82%
Ballack
69%
Berbatov
62%
Brandao
55%
Bastos
46%
Aucun quiz correspondant
Distribution des résultats
% des personnes avec chaque résultat
Percentile par nombre de réponses
Votre historique - résultats
Vous n’avez pas pris ce quiz